000 00519 a2200145 4500
999 _c2630
_d2630
020 _a0713681489 (pbk) 9780713681482 (pbk.)
050 _aHD30.23 MAK 2007
245 _aMake effective decisions :
_bhow to weigh up the options and make the right choice /
264 _aLondon :
_bA & C Black,
_c2007
300 _aviii, 86p. :
440 _aSteps to success
500 _aIncludes index. Formerly CIP. Collection subset: Management and Business Studies
650 _aDecision making
942 _2lcc
_cBK
_h30.23
_iMAK
_kHD